| 000 | 00461nam a2200169Ia 4500 | ||
|---|---|---|---|
| 008 | 230917s9999||||xx |||||||||||||| ||und|| | ||
| 020 | _cRS 295.00 | ||
| 040 |
_e5001006 _aMAIN |
||
| 041 | _aEnglish | ||
| 082 | _a641.5636 L12A | ||
| 100 | _aLad, Usha | ||
| 245 | 0 | _aAyurvedic cooking for self-healing | |
| 260 |
_aDelhi _bMotilal Banarsidass Publishers _c2010 |
||
| 300 | _a254 p. | ||
| 500 | _a4500 25/01/2022 HBD22/9328 11/03/2022 Main Budget | ||
| 942 | _cBK | ||
| 999 |
_c5160 _d5160 |
||